000
00261nam a2200109Ia 4500
008
190914s9999||||xx |||||||||||||| ||und||
100
_a
IMRAN,Ibrahim
245
0
_a
Educational Guide of Pakistan
260
_a
USA
_b
McGraw -Hill
_c
2002
300
_a
881
942
_c
BK
999
_c
8439
_d
8439